LIBRARY ONLINE CATALOGUE

MCQsw in Physiology (Record no. 17128)

MARC details
000 -LEADER
fixed length control field 00423nam a22001457a 4500
008 - FIXED-LENGTH DATA ELEMENTS--GENERAL INFORMATION
fixed length control field 180810b xxu||||| |||| 00| 0 eng d
020 ## - INTERNATIONAL STANDARD BOOK NUMBER
International Standard Book Number 818061428x
050 ## - LIBRARY OF CONGRESS CALL NUMBER
Classification number Qp40
Item number .M35 2005 c.1
100 ## - MAIN ENTRY--PERSONAL NAME
Personal name Makwana Jayant J.
245 ## - TITLE STATEMENT
Title MCQsw in Physiology
Remainder of title With Explanatory Answers
260 ## - PUBLICATION, DISTRIBUTION, ETC. (IMPRINT)
Place of publication, distribution, etc. New Delhi
Name of publisher, distributor, etc. Jaypee
Date of publication, distribution, etc. 2005
300 ## - PHYSICAL DESCRIPTION
Extent 225p.
650 ## - SUBJECT ADDED ENTRY--TOPICAL TERM
Topical term or geographic name as entry element physiology
Form subdivision problems, exercises, and examinations
942 ## - ADDED ENTRY ELEMENTS (KOHA)
Source of classification or shelving scheme Library of Congress Classification
Koha item type General Collection
Holdings
Withdrawn status Lost status Source of classification or shelving scheme Not for loan Home library Current library Date acquired Cost, normal purchase price Total Checkouts Total Renewals Full call number Barcode Date last seen Date last checked out Price effective from Koha item type
    Library of Congress Classification   Kabarak, Main Campus Kabarak, Main Campus 10/08/2018 1500.00 46 3 QP40 .M35 2005 c.1 022036 28/02/2025 20/02/2025 10/08/2018 General Collection
    Library of Congress Classification   Kabarak, Main Campus Kabarak, Main Campus 10/08/2018 1500.00 46 3 QP40 .M35 2005 c.2 025959 13/04/2026 13/04/2026 10/08/2018 General Collection
    Library of Congress Classification   Kabarak, Main Campus Kabarak, Main Campus 10/08/2018 1500.00 62 8 QP40 .M35 2005 c.3 025963 15/09/2025 13/08/2025 10/08/2018 General Collection